Main streets across the world (Record no. 119405)

MARC details
000 -LEADER
fixed length control field 00871cas a2200217 4500
001 - CONTROL NUMBER
control field L158394
008 - FIXED-LENGTH DATA ELEMENTS--GENERAL INFORMATION
fixed length control field 150113n eng u
035 ## - SYSTEM CONTROL NUMBER
System control number (Sirsi) u158394
041 0# - LANGUAGE CODE
Language code of text/sound track or separate title eng
110 2# - MAIN ENTRY--CORPORATE NAME
Corporate name or jurisdiction name as entry element Cushman & Wakefield
9 (RLIN) 5888
245 00 - TITLE STATEMENT
Title Main streets across the world
Medium [electronic resource]
490 #0 - SERIES STATEMENT
Series statement Main Streets across the world
520 ## - SUMMARY, ETC.
Summary, etc. Provides a global barometer of the retail sector by tracking rents in the world's top 330 shopping locations across 65 countries with league tables drawn up by taking the most expensive location in each of the countries monitored.
554 ## -
-- Annual
650 24 - SUBJECT ADDED ENTRY--TOPICAL TERM
Topical term or geographic name entry element RETAIL
650 24 - SUBJECT ADDED ENTRY--TOPICAL TERM
Topical term or geographic name entry element PRIME
651 #4 - SUBJECT ADDED ENTRY--GEOGRAPHIC NAME
Geographic name International
690 ## - LOCAL SUBJECT ADDED ENTRY--TOPICAL TERM (OCLC, RLIN)
Topical term or geographic name as entry element Commercial property
9 (RLIN) 6227
856 48 - ELECTRONIC LOCATION AND ACCESS
Uniform Resource Identifier <a href="https://www.cushmanwakefield.com/en/research-and-insight">https://www.cushmanwakefield.com/en/research-and-insight</a>
Public note View the item free of charge at www.cushmanwakefield.com
942 ## - ADDED ENTRY ELEMENTS (KOHA)
Suppress in OPAC 0
Holdings
Withdrawn status Lost status Source of classification or shelving scheme Damaged status Not for loan Home library Current library Shelving location Date acquired Total Checkouts Full call number Barcode Date last seen Copy number Price effective from Koha item type
    Dewey Decimal Classification     Virtual Virtual Online 30/01/2015   ONLINE PUBLICATION 158394-2001 06/08/2019 1 06/08/2019 Book